Flora of the venezuelan Guayana (Registro nro. 1008)

Detalles MARC
000 -CABECERA
Campo de control 00842nam a2200277 a 4500
005 - FECHA Y HORA DE LA ULTIMA TRANSACCION
Campo de control 20180803164849.0
008 - ELEMENTOS DE LONGITUD FIJA—INFORMACION GENERAL
Campo de control 140224b1995 -Us||||| |||| 00| 0 eng d
041 ## - IDIOMA
Código de idioma para texto/pista de sonido o título separado Español
044 ## - PAÍS DE PUBLICACIÓN
País de publicación Estados Unidos
090 ## - CLASIFICACIÓN LOCAL
Colección LB
Consecutivo 00997
100 ## - ASIENTO PRINCIPAL--NOMBRE PERSONAL
Nombre personal Steyermark, Julian A.
245 ## - MENCION DE TITULO
Título Flora of the venezuelan Guayana
260 ## - PUBLICACION, DISTRIBUCION, ETC. (PIE DE IMPRENTA)
Lugar de publicación, distribución, etc. Oregon
Nombre del editor, distribuidor, etc. Missouri Botanical Garden
-- Timber Press
Fecha de publicación, distribución, etc. 1995
300 ## - DESCRIPCION FISICA
Extensión 2-4 vol.
505 ## - NOTA DE CONTENIDO
Nota de contenido Vol. 2: Pteridophytes, Spermatophytes, Acanthaceae
505 ## - NOTA DE CONTENIDO
Nota de contenido Vol. 3: Araliaceae, Cactaceae
505 ## - NOTA DE CONTENIDO
Nota de contenido Vol. 4: Caesalpiaceae, Aricaceae
650 ## - ASIENTO SECUNDARIO DE MATERIA - TERMINO TEMATICO
Término temático o nombre geográfico como elemento de entrada Vegetación
650 ## - ASIENTO SECUNDARIO DE MATERIA - TERMINO TEMATICO
Término temático o nombre geográfico como elemento de entrada Inventarios
650 ## - ASIENTO SECUNDARIO DE MATERIA - TERMINO TEMATICO
Término temático o nombre geográfico como elemento de entrada Descripciones taxonómicas
650 ## - ASIENTO SECUNDARIO DE MATERIA - TERMINO TEMATICO
Término temático o nombre geográfico como elemento de entrada Historia natural
662 ## - ASIENTO SECUNDARIO DE MATERIA - JERARQUIA DEL NOMBRE DE LUGAR(
País o entidad mayor Venezuela
700 ## - ASIENTO SECUNDARIO - NOMBRE PERSONAL
Nombre personal Berry, Paul E.
700 ## - ASIENTO SECUNDARIO - NOMBRE PERSONAL
Nombre personal Holst, Bruce K.
942 ## - ELEMENTOS ADICIONALES (KOHA)
Tipo de ítem Impreso
Koha issues (borrowed), all copies 3
Sistema de clasificación Local
Existencias
Withdrawn status Lost status Sistema de Clasificación Damaged status No para préstamo Colección Inventariado Ubicación Permanente Ubicación actual Fecha de adquisición Fuente de Valor Valor Total Checkouts Número topográfico Inventario / Código de Barras Date last seen Ejemplar Price effective from Forma de adquisición Tipo de material Total Renewals Date checked out Public note
    Local     Botánica Inventariado 2017 Villa de Leyva Villa de Leyva 20/01/1999 Instituto 39000.00   LB-00997 001389 04/12/2012 V. 2 Ej. 1 04/12/2012   Libro      
    Local     Botánica Inventariado 2017 Villa de Leyva Villa de Leyva 20/01/1999 Instituto 39000.00 2 LB-00997 001390 11/09/2015 V. 3 Ej. 1 04/12/2012   Libro 3 17/03/2015  
    Local     Botánica Inventariado 2017 Villa de Leyva Villa de Leyva 20/01/1999 Instituto 39000.00   LB-00997 001391 04/12/2012 V. 4 Ej. 1 04/12/2012   Libro     TEIDOPHYTES
    Local     Botánica Inventariado 2017 Villa de Leyva Villa de Leyva 12/05/2005 Instituto 39000.00 1 LB-00997 017844 26/06/2013 V. 5 Ej. 1 04/12/2012   Libro   26/06/2013